LEADER 01464nam a2200265 i 4500 001 000000242884 003 CaOOAMICUS 005 20220823143805.0 008 150618s1808 fr u000 u fre u 013 $a221789 026 $ac.nt l.e. urur dide (7) 1808 (A) 040 $aSeMil$bita 245 10$aMéthode ou conduite chretienne, pour passer saintement la vie; contenant des instructions et prières pour chaque jour, chaque semaine, chaque mois et chaque année: ... Par un prêtre missionaire du Diocèse de Vienne. 250 $aNouvelle édition, augmentée d'un petit recueil de poésie chétiennes. 260 $aAu Puy :$bChez J. B. La Combe,$c1808. 300 $a468, [2] p. ;$c12° (lungo). 500 $aFront. in cornice xilogr. - Fregi xilogr. 500 $aSegn.: A-Q¹² 650 4$aVita cristiana - Regole.$0(OLS)http://semarc/subject/5122 650 4$aCristianesimo - Libri di preghiere e devozione austriaci.$0(OLS)http://semarc/subject/42478 850 $aSeMil 852 $aSeMil$W1$xVenegono$y1$m3F II 286 FA$j193230$B193230$CSeMilBibl$Z2$F204039 $8I 996 $6245$aMéthode ou conduite chretienne, pour passer saintement la vie; contenant des instructions et prières pour chaque jour, chaque semaine, chaque mois et chaque année: ... Par un prêtre missionaire du Diocèse de Vienne$9(OLS)http://semarc/title/344684 996 $6260$aAu Puy :$bChez J. B. La Combe$9(OLS)http://semarc/publisher/54753 LEADER 01341nam a2200265 i 4500 001 000000067314 003 CaOOAMICUS 005 20250609125736.0 008 140221s1981 it u000 u fre u 013 $a38486 040 $aSeMil$bita 100 1 $aKesel, Jozef : de,$d<1947- >.$0(OLS)http://semarc/name/33717 245 13$aLe refus decide de l'objectivation :$bune interprétation du problème du Jésus historique chez Rudolf Bultmann /$cJef de Kesel. 260 $aRoma :$bUniversità Gregoriana,$c1981. 300 $aXV, 361 p. ;$c24 cm. 490 1 $aAnalecta Gregoriana ;$v221 490 1 $aAnalecta Gregoriana. Series Facultatis Theologiae. Sectio B ;$v72 650 4$aBultmann, Rudolf <1884-1976> - Cristologia.$0(OLS)http://semarc/subject/13191 830 0$aAnalecta Gregoriana ;$v221.$0(OLS)http://semarc/title/9 830 0$aAnalecta Gregoriana. Series Facultatis Theologiae. Sectio B ;$v72.$0(OLS)http://semarc/title/14379 850 $aSeMil 852 $aSeMil$W1$xVenegono$y1$m2N V 321$j33467$B33467$CSeMilBibl$Z2$F33470 $81 996 $6245$aLe refus decide de l'objectivation :$bune interprétation du problème du Jésus historique chez Rudolf Bultmann$9(OLS)http://semarc/title/107280 996 $6260$aRoma :$bUniversità Gregoriana$9(OLS)http://semarc/publisher/31479